Béziers - Choix multiples - Statistiques

Statistiques générales
  • Ce quiz a été pris 182 fois
  • Le résultat moyen est 8 sur 10
Statistiques - réponses
Question Réponse % Correct
Dans quelle région française se situe Béziers ? Occitanie
97%
Comment appelle-t-on les habitants de Béziers ? Biterrois
96%
Qui est l’actuel maire de Béziers, élu pour la première fois en 2014 ? Robert Ménard
92%
Quel sport est le plus emblématique de la ville, plusieurs fois champion de France dans les années 1970-80 ? Rugby à XV
89%
Quel grand résistant français, préfet et unificateur de la Résistance pendant la Seconde Guerre mondiale, est né à Béziers en 1899 ? Jean Moulin
82%
Quel illustre ingénieur du XVIIᵉ siècle est l’auteur du canal du Midi et de ses écluses ? Pierre-Paul Riquet
76%
Quelle place centrale, bordée de platanes et de cafés, est le cœur de la vie de la cité ? Allées Paul-Riquet
73%
Quelles photos montre la ville de Béziers ?
71%
Béziers est célèbre pour ses écluses sur le canal du Midi. Combien en compte le site principal appelé “Fonséranes” ? 9
62%
Quelle affirmation est vraie ? Elle fut fondée par les Grecs et est considérée comme la plus ancienne ville de France.
43%
Aucun quiz correspondant
Distribution des résultats
% des personnes avec chaque résultat
Percentile par nombre de réponses
Votre historique - résultats
Vous n’avez pas pris ce quiz